|
|
|
|
| LEADER |
01115nab a2200325 i 4500 |
| 001 |
publ35805 |
| 005 |
20250203155927.0 |
| 008 |
250203s2024 hu o 000 eng d |
| 022 |
|
|
|a 0028-646X
|
| 024 |
7 |
|
|a 10.1111/nph.20085
|2 doi
|
| 024 |
7 |
|
|a 35483832
|2 mtmt
|
| 040 |
|
|
|a SZTE Publicatio Repozitórium
|b hun
|
| 041 |
|
|
|a eng
|
| 100 |
1 |
|
|a Kolbert Zsuzsanna
|
| 245 |
1 |
0 |
|a Interorgan, intraorgan and interplant communication mediated by nitric oxide and related species
|h [elektronikus dokumentum] /
|c Kolbert Zsuzsanna
|
| 260 |
|
|
|c 2024
|
| 300 |
|
|
|a 786-797
|
| 490 |
0 |
|
|a NEW PHYTOLOGIST
|v 244 No. 3
|
| 650 |
|
4 |
|a Biológiai tudományok
|
| 700 |
0 |
1 |
|a Barroso Juan B.
|e aut
|
| 700 |
0 |
1 |
|a Boscari Alexandre
|e aut
|
| 700 |
0 |
1 |
|a Corpas Francisco J.
|e aut
|
| 700 |
0 |
1 |
|a Kapuganti Jagadis Gupta
|e aut
|
| 700 |
0 |
1 |
|a Hancock John T.
|e aut
|
| 700 |
0 |
1 |
|a Lindermayr Christian
|e aut
|
| 700 |
0 |
1 |
|a Palma José Manuel
|e aut
|
| 700 |
0 |
1 |
|a Petřivalský Marek
|e aut
|
| 700 |
0 |
1 |
|a Wendehenne David
|e aut
|
| 700 |
0 |
1 |
|a Loake Gary J.
|e aut
|
| 856 |
4 |
0 |
|u http://publicatio.bibl.u-szeged.hu/35805/1/correctedproof.pdf
|z Dokumentum-elérés
|